000
00293nam a2200121Ia 4500
008
240624s9999 xx 000 0 und d
041
_a
eng
082
_a
005.54 ALE
100
_a
ALEXANDER MICHAEL
245
_a
101 READY TO USE EXCEL FORMULAS
260
_a
New Delhi
_b
Wiley
365
_c
RS
_b
33
999
_c
26324
_d
26324